Microsoft Access 2010 : A case approach
Office 2010 A Case Approach offers running case study throughout the text to help students understand the material in a consistent relevant environment; The OLeary Series also correlates with SimNet Online our online training and assessment program for Office 2010.
Shranjeno v:
| Glavni avtor: | |
|---|---|
| Format: | Knjiga |
| Jezik: | Undetermined |
| Izdano: |
New York
McGraw-Hill
2011
|
| Teme: | |
| Oznake: |
Označite
Brez oznak, prvi označite!
|
| Thư viện lưu trữ: | Trung tâm Học liệu Trường Đại học Cần Thơ |
|---|
| LEADER | 00945nam a2200217Ia 4500 | ||
|---|---|---|---|
| 001 | CTU_210040 | ||
| 008 | 210402s9999 xx 000 0 und d | ||
| 020 | |c 65.85 | ||
| 082 | |a 005.7565 | ||
| 082 | |b O.45 | ||
| 100 | |a O'Leary, Timothy J. | ||
| 245 | 0 | |a Microsoft Access 2010 : | |
| 245 | 2 | |b A case approach | |
| 245 | 0 | |c Timothy J. O' Leary, Linda I. O' Leary | |
| 260 | |a New York | ||
| 260 | |b McGraw-Hill | ||
| 260 | |c 2011 | ||
| 520 | |a Office 2010 A Case Approach offers running case study throughout the text to help students understand the material in a consistent relevant environment; The OLeary Series also correlates with SimNet Online our online training and assessment program for Office 2010. | ||
| 650 | |a Microsoft Access,Database management,Quản lý cơ sở dữ liệu,Phần mềm Access | ||
| 904 | |i Huỳnh Thị Ngọc Ngân, Tuyến | ||
| 980 | |a Trung tâm Học liệu Trường Đại học Cần Thơ | ||